01140nam a2200289Ia 450000500170000000800410001702000180005810000280007624501810010425000220028526400320030730000590033933600270039833700330042533800280045865000380048665000400052465000290056465000290059365000260062265000350064870000480068370000370073170000360076804000350080408400110083920220317001404.0161108s2012 sp a g 000 j spa  a97884157170411 aGrimm, Jacobd1785-186310aHermanito y hermanitaby otros dieciséis cuentos que no están en los libroscJacob y Wilhelm Grimm ; ilustraciones de Noemí Villamuza ; traducción de Isabel Hernández aPrimera edición aMadridbNordicalibrosc2012 a173 páginasbilustraciones en blanco y negroc19 cm. atextobtxt2rdacontent asin mediaciónbn2rdamedia avolumenbnc2rdacarrier142LEMBaCuentos alemanesySiglo XIX142LEMBaLiteratura alemanaySiglo XIX142LEMB aHermanosvCuentos142LEMB aAnimalesvCuentos142LEMB aMagiavCuentos142LEMB aPadres e hijosvCuentos1 aBonnett Vélez, Piedadd1951-ecompiladora1 aVenegas Klein, Carolinaeeditora1 aCobo Borda, Juan Gustavod1948- aCO-BoRNBPbspaerdacCO-BoRNBP aC GRI1